Line Positions and Intensities of the v1+ v2+ 3v3, v2+ 4v3, and 3v1+ 2v2 bands of ozone; Journal of Molecular Spectroscopy; Vol. 180, № 2

Détails bibliographiques
Parent link:Journal of Molecular Spectroscopy.— , 1957-
Vol. 180, № 2.— 1996.— [P. 227–235]
Collectivité auteur: Национальный исследовательский Томский политехнический университет (ТПУ) Физико-технический институт (ФТИ) Кафедра высшей математики (ВМ)
Autres auteurs: Mikhailenko S. N. Semen Nikolaevich, Barbe A., Tyuterev Vl. G., Regalia A., Plateaux J. J.
Résumé:Режим доступа: по договору с организацией-держателем ресурса
Langue:anglais
Publié: 1996
Sujets:
Accès en ligne:http://www.sciencedirect.com/science/article/pii/S0022285296902465
Format: Électronique Chapitre de livre
KOHA link:https://koha.lib.tpu.ru/cgi-bin/koha/opac-detail.pl?biblionumber=642847

MARC

LEADER 00000nla0a2200000 4500
001 642847
005 20250210164027.0
035 |a (RuTPU)RU\TPU\network\7824 
035 |a RU\TPU\network\7768 
090 |a 642847 
100 |a 20150820d1996 k||y0rusy50 ba 
101 0 |a eng 
181 0 |a i  
182 0 |a b 
200 1 |a Line Positions and Intensities of the v1+ v2+ 3v3, v2+ 4v3, and 3v1+ 2v2 bands of ozone  |f S. N. Mikhailenko [et al.] 
203 |a Текст  |c электронный 
333 |a Режим доступа: по договору с организацией-держателем ресурса 
461 |t Journal of Molecular Spectroscopy  |d 1957- 
463 |t Vol. 180, № 2  |v [P. 227–235]  |d 1996 
610 1 |a труды учёных ТПУ 
610 1 |a электронный ресурс 
701 1 |a Mikhailenko  |b S. N.  |c physicist  |c Associate Professor of Tomsk Polytechnic University, Candidate of physical and mathematical sciences  |f 1962-  |g Semen Nikolaevich  |3 (RuTPU)RU\TPU\pers\34035 
701 1 |a Barbe  |b A. 
701 1 |a Tyuterev  |b Vl. G. 
701 1 |a Regalia  |b A. 
701 1 |a Plateaux  |b J. J. 
712 0 2 |a Национальный исследовательский Томский политехнический университет (ТПУ)  |b Физико-технический институт (ФТИ)  |b Кафедра высшей математики (ВМ)  |3 (RuTPU)RU\TPU\col\18728 
801 1 |a RU  |b 63413507  |c 20150611 
801 2 |a RU  |b 63413507  |c 20160406  |g RCR 
856 4 |u http://www.sciencedirect.com/science/article/pii/S0022285296902465 
942 |c CF